| 000 | 00688cam a22002293a 4500 | ||
|---|---|---|---|
| 001 | 31834 | ||
| 003 | PGUSA | ||
| 005 | 20140828083705.0 | ||
| 008 | 100331s2010||||xxu|||||s|||||000 1 eng d | ||
| 040 |
_aPGUSA _beng |
||
| 042 | _adc | ||
| 050 | 4 | _aPT | |
| 100 | 1 |
_aHuch, Ricarda Octavia, _d1864-1947 |
|
| 245 | 1 | 0 |
_aLebenslauf des heiligen Wonnebald Pück : _bEine Erzählung _h[electronic resource] / _cRicarda Octavia Huch |
| 260 |
_bProject Gutenberg, _c2010 |
||
| 506 | _aPublic domain in the USA. | ||
| 516 | _aElectronic text | ||
| 653 | _aGerman fiction -- 20th century | ||
| 830 | 0 |
_aProject Gutenberg _v31834 |
|
| 856 | 4 | 0 | _uhttp://www.gutenberg.org/ebooks/31834 |
| 942 | _cEB | ||
| 999 |
_c261089 _d261089 |
||